<?xml version="1.0" encoding="UTF-8"?>
<record
    xmlns:xsi="http://www.w3.org/2001/XMLSchema-instance"
    xsi:schemaLocation="http://www.loc.gov/MARC21/slim http://www.loc.gov/standards/marcxml/schema/MARC21slim.xsd"
    xmlns="http://www.loc.gov/MARC21/slim">

  <leader>01275nam a2200265 i 4500</leader>
  <controlfield tag="001">bg</controlfield>
  <datafield tag="946" ind1=" " ind2=" ">
    <subfield code="c">100,00</subfield>
  </datafield>
  <datafield tag="111" ind1=" " ind2=" ">
    <subfield code="a">Seminarium Naukowo-Techniczne z cyklu "Biologiczne usuwanie zwi&#x105;zk&#xF3;w biogennych."</subfield>
    <subfield code="n">(2 ;</subfield>
    <subfield code="d">2008 r. ;</subfield>
    <subfield code="c">Warszawa).</subfield>
  </datafield>
  <datafield tag="245" ind1="0" ind2="0">
    <subfield code="a">Optymalizacja usuwania azotu - do&#x15B;wiadczenia krajowe i zagraniczne :</subfield>
    <subfield code="b">Warszawa, 5-6 listopada 2008 r.</subfield>
  </datafield>
  <datafield tag="246" ind1=" " ind2=" ">
    <subfield code="a">II Seminarium Naukowo- Techniczne z cyklu "Biologiczne usuwanie zwi&#x105;zk&#xF3;w biogennych"</subfield>
  </datafield>
  <datafield tag="246" ind1=" " ind2=" ">
    <subfield code="a">Biologiczne usuwanie zwi&#x105;zk&#xF3;w biogennych</subfield>
  </datafield>
  <datafield tag="260" ind1=" " ind2=" ">
    <subfield code="a">Warszawa :</subfield>
    <subfield code="b">Wydawnictwo Seidel-Przywecki,</subfield>
    <subfield code="c">[2008 lub 2009].</subfield>
  </datafield>
  <datafield tag="300" ind1=" " ind2=" ">
    <subfield code="a">Skoroszyt (366 s. pag. varia) :</subfield>
    <subfield code="b">il. ;</subfield>
    <subfield code="c">24 cm.</subfield>
  </datafield>
  <datafield tag="500" ind1=" " ind2=" ">
    <subfield code="a">Materia&#x142;y z II Seminarium Naukowo-Technicznego z cyklu "Biologiczne usuwanie zwi&#x105;zk&#xF3;w biogennych" ; Warszawa 5-6 listopada 2008.</subfield>
  </datafield>
  <datafield tag="650" ind1=" " ind2=" ">
    <subfield code="a">Azot</subfield>
    <subfield code="x">zwi&#x105;zki</subfield>
    <subfield code="x">higiena</subfield>
  </datafield>
  <datafield tag="650" ind1=" " ind2=" ">
    <subfield code="a">Azot</subfield>
    <subfield code="x">zwi&#x105;zki</subfield>
    <subfield code="x">unieszkodliwianie</subfield>
  </datafield>
  <datafield tag="650" ind1=" " ind2=" ">
    <subfield code="a">Oczyszczalnia &#x15B;ciek&#xF3;w</subfield>
  </datafield>
  <datafield tag="655" ind1=" " ind2=" ">
    <subfield code="a">Materia&#x142;y konferencyjne</subfield>
  </datafield>
  <datafield tag="040" ind1=" " ind2=" ">
    <subfield code="c">BPK</subfield>
  </datafield>
  <datafield tag="041" ind1=" " ind2=" ">
    <subfield code="a">pol</subfield>
    <subfield code="a">eng</subfield>
  </datafield>
  <datafield tag="044" ind1=" " ind2=" ">
    <subfield code="a">POL</subfield>
  </datafield>
  <datafield tag="080" ind1=" " ind2=" ">
    <subfield code="a">628.32:546.1/.2](06)</subfield>
  </datafield>
  <datafield tag="942" ind1=" " ind2=" ">
    <subfield code="c">KA</subfield>
  </datafield>
  <controlfield tag="008">090722s2008    pl           |001 0dpol  </controlfield>
  <datafield tag="999" ind1=" " ind2=" ">
    <subfield code="c">49175</subfield>
    <subfield code="d">49175</subfield>
  </datafield>
  <datafield tag="856" ind1=" " ind2=" ">
    <subfield code="u">http://koha.tu.koszalin.pl/cgi-bin/koha/opac-detail.pl?biblionumber=49175</subfield>
    <subfield code="y">Katalog online BPK</subfield>
  </datafield>
  <datafield tag="952" ind1=" " ind2=" ">
    <subfield code="0">0</subfield>
    <subfield code="1">0</subfield>
    <subfield code="4">0</subfield>
    <subfield code="7">1</subfield>
    <subfield code="a">ELBUD</subfield>
    <subfield code="b">ELBUD</subfield>
    <subfield code="c">b</subfield>
    <subfield code="o">KC 3587</subfield>
    <subfield code="p">02201511</subfield>
    <subfield code="t">628.3 &#x15A;</subfield>
    <subfield code="y">KA</subfield>
  </datafield>
</record>
